Countries with the Most Hindustani Speakers - Statistics

General Stats
  • This quiz has been taken 176 times
    19 since last reset
  • The average score is 15 of 20
Answer Stats
Hindi Speakers Country % Correct
584,568,000 India
100%
22,332,193 Pakistan
100%
344,654 United Kingdom
100%
321,465 Canada
94%
8,000,000 Nepal
94%
1,372,802 United States
94%
221,684 Australia
81%
30,000 Germany
81%
63,000 Malaysia
75%
460,000 Fiji
69%
85,000 New Zealand
69%
845,000 Saudi Arabia
69%
72,000 Singapore
69%
150,000 Suriname
69%
441,000 United Arab Emirates
69%
829,000 Afghanistan
63%
450,000 Mauritius
56%
250,292 South Africa
56%
61,000 Trinidad and Tobago
44%
54,000 Jamaica
25%
No matching quizzes found
Score Distribution
Percent of People with Each Score
Percentile by Number Answered
Your Score History
You have not taken this quiz since the last reset